| Registos Bibliográficos associados ao registo de autoridade |
|
Etiqueta de registo: 00000nkm 2200025 450 001 2266330 003 http://id.bnportugal.gov.pt/bib/catbnp/2266330 100 ## $a20260212d1988 m y0pory01030103ba 101 0# $apor 102 ## $aPT 200 1# $a1º Estágio Internacional de Dança de Lisboa, 1 - 13 de agosto de 1988$bVisual gráfico]$fGinásio Clube Português 210 #9 $aLisboa$cGinásio Clube Português,$d1988 215 ## $a1 cartaz$ccolor.$d64x46,5 cm 317 ## $aColeção Madeira Luís 317 ## $aColeção Madeira Luís $5PTBN: CT. 24930 A. 675 ## $a766(=1:469)"1988"(084.5)$vBN$zpor $31811746 710 02 $aEstágio Internacional de Dança de Lisboa,$d1,$eLisboa,$f1988$31993137 712 02 $aGinásio Clube Português$36436 801 #0 $aPT$bBN$gRPC 966 ## $lBN$mICONOG$sCT. 20716 A.$x3 966 ## $lBN$mICONOG$sCT. 24930 A.$x3 971 ## $cCaticonografia9$d20260212 995 ## $aPRR2026 $d20260212$iCaticonografia9
|
|
|